000 01163nas a2200361 4500
001 BR0302389
003 BR-BrBNA
005 20231205103800.0
007 ta
008 230509b bl.|||p| |||| 00| 00por d
040 _aBR-BrBNA
_bpor
_cBiblioteca Nacional de Agricultura
041 _a(Pt)
072 _aN20; F07
100 1 _aMiranda, N. de O.
100 1 _aMedeiros, J.F. de
100 1 _aAlves, L.P.
100 1 _aMoura Neto, E.L.
245 1 _aDesempenho operacional do trator e produtividade do meloeiro (Cucumis melo L.)em função da profundidade de mobilização do solo com implemento de hastes, em faixas ou área total
650 _aMELÃO
650 _aESCARIFICAÇÃO
650 _aMANEJO DO SOLO
650 _aPROFUNDIDADE
650 _aIMPLEMENTO AGRÍCOLA
650 _aIRRIGAÇÃO POR GOTEJAMENTO
650 _aMÉTODO ESTATÍSTICO
650 _aPERFORMANCE
650 _aPRODUTIVIDADE
650 _aCOMBUSTÍVEL
650 _aCONSUMO
773 0 _tEngenharia Agrícola (Brazil)
_xISSN 0100-6916
_g(Jan-Abr 2003), v. 23(1) p. 106-112
_wBR0302389
909 _a202311
_bLúcia
_c55
_dLúcia Elande
942 _2AGRIS
_n0
_cANA
999 _c174705
_d174705